00726nam a2200181 a 4500003000200000005001700002008004100019050003600060100002300096245008700119260009100206300004000297504004100337650002800378650004900406650004300455650004600498020250208075631.0120723s19uu xx 00 eng d aPGS PN 1992.8.C45b.Ag283 2012  aAguilar, Daniel M. aTV preferences and study habits of S.I.S.C. grade 6 students /cDaniel M. Aguilar. aLas Piñas City, Philippines :bSouthville International School and Colleges, c2012. a23 pages :billustrations ;c28 cm. aIncludes bibliographical references. aTelevision and children aTelevision viewingvEffects on study habits. aStudy habitsvInfluence of television. aChildrenvTelevision viewing preferences.